| Art - Music/Opera | 1 | 0.00 | 0% | 0% | 0% |
| Art - Other | 1 | 10.00 | 0% | 100% | 0% |
| History - American | 1 | 10.00 | 100% | 0% | 0% |
| History - European | 1 | 10.00 | 100% | 0% | 0% |
| History - Other | 1 | 10.00 | 100% | 0% | 0% |
| History - World | 1 | 10.00 | 100% | 0% | 0% |
| Literature - European drama | 1 | 20.00 | 100% | 100% | 0% |
| Science - Chemistry | 1 | 10.00 | 100% | 0% | 0% |
| Science - Physics | 1 | 20.00 | 100% | 100% | 0% |
| Art - Music/Opera | 5 | 10.00 | 80% | 20% | 0% |
| Art - Other | 1 | 10.00 | 100% | 0% | 0% |
| Art - Painting/Sculpture | 4 | 12.50 | 100% | 25% | 0% |
| Art - Visual | 2 | 5.00 | 50% | 0% | 0% |
| Current Events/Modern World - Mixed/Any | 1 | 10.00 | 100% | 0% | 0% |
| Geography - Non-U.S. Americas | 1 | 20.00 | 100% | 100% | 0% |
| History - American | 3 | 13.33 | 100% | 33% | 0% |
| History - European | 5 | 12.00 | 100% | 20% | 0% |
| History - Other | 4 | 10.00 | 75% | 25% | 0% |
| History - World | 4 | 12.50 | 100% | 25% | 0% |
| Literature - American any | 1 | 20.00 | 100% | 100% | 0% |
| Literature - American long fiction | 3 | 13.33 | 100% | 33% | 0% |
| Literature - American poetry | 2 | 5.00 | 50% | 0% | 0% |
| Literature - British long fiction | 1 | 10.00 | 100% | 0% | 0% |
| Literature - British poetry | 1 | 10.00 | 100% | 0% | 0% |
| Literature - European any | 1 | 20.00 | 100% | 100% | 0% |
| Literature - European drama | 1 | 30.00 | 100% | 100% | 100% |
| Literature - European long fiction | 1 | 10.00 | 100% | 0% | 0% |
| Literature - European poetry | 1 | 20.00 | 100% | 100% | 0% |
| Literature - World/Misc any | 2 | 20.00 | 100% | 50% | 50% |
| Literature - World/Misc long fiction | 2 | 10.00 | 100% | 0% | 0% |
| Literature - World/Misc poetry | 1 | 10.00 | 0% | 100% | 0% |
| Literature - World/Misc short fiction | 1 | 20.00 | 100% | 100% | 0% |
| Mythology - Greco/Roman | 2 | 5.00 | 50% | 0% | 0% |
| Mythology - Mixed/Any | 1 | 10.00 | 100% | 0% | 0% |
| Other Academic/Cross-Category - Any | 1 | 0.00 | 0% | 0% | 0% |
| Philosophy - 20th century | 1 | 10.00 | 100% | 0% | 0% |
| Philosophy - Enlightenment | 2 | 20.00 | 100% | 50% | 50% |
| Philosophy - Mixed/Any | 2 | 10.00 | 100% | 0% | 0% |
| Religion - Christianity/Judaism | 1 | 10.00 | 100% | 0% | 0% |
| Religion - Hinduism | 1 | 0.00 | 0% | 0% | 0% |
| Religion - Mixed/Any | 1 | 0.00 | 0% | 0% | 0% |
| Science - Astronomy | 1 | 10.00 | 100% | 0% | 0% |
| Science - Biology | 7 | 11.43 | 71% | 43% | 0% |
| Science - Chemistry | 3 | 16.67 | 100% | 67% | 0% |
| Science - Compsci | 1 | 10.00 | 100% | 0% | 0% |
| Science - Earth | 1 | 10.00 | 100% | 0% | 0% |
| Science - Other | 1 | 10.00 | 100% | 0% | 0% |
| Science - Physics | 5 | 12.00 | 100% | 20% | 0% |
| Social Science - Economics | 1 | 10.00 | 100% | 0% | 0% |
| Social Science - Mixed/Any | 1 | 10.00 | 0% | 100% | 0% |
| Social Science - Sociology | 1 | 10.00 | 100% | 0% | 0% |